Grèce antique A-Z - Statistiques

Statistiques générales
  • Ce quiz a été pris 22 747 fois
  • Le résultat moyen est 16 sur 24
Statistiques - réponses
Lettre Indice Réponse % Correct
Z Roi des dieux de l'Olympe Zeus
92%
U Son voyage est raconté dans l'Odyssée Ulysse
91%
V Dionysos en est le dieu Vin
90%
B Aphrodite en est la déesse Beauté
88%
S Maître philosophique de Platon Socrate
85%
I Fils de Dédale, il s'est brûlé les ailes Icare
82%
N Il se serait noyé en observant le reflet de son visage Narcisse
80%
F Ce qu'à donné Prométhée aux hommes Feu
79%
J Événement remis au goût du jour par Coubertin Jeux Olympiques
75%
R Son port aurait accueillit un merveilleux colosse Rhodes
75%
P Temple sur A dédié à cette même déesse Parthénon
73%
A "Cité perchée" à Athènes par exemple Acropole
72%
G Méduse en est une Gorgone
71%
O Arbre sacré associé à Athéna Olivier
71%
M Royaume d'origine d'Alexandre le Grand Macédoine
70%
C Île sur laquelle se trouvait Knossos Crète
65%
T Genre théâtral dont Sophocle est l'un des premiers représentant Tragédie
65%
Y L'oxygala était un produit laitier consommé en Grèce antique proche du ___ Yogourt
57%
L Roi qui combattit au côté de 300 spartiates aux Thermopyles Léonidas
56%
E Surnommé le père de la géométrie Euclide
53%
K Dixième lettre de l'alphabet grec Kappa
43%
D Athènes était à la tête de la Ligue de ___ Délos
41%
X Roi perse qui mena la deuxième guerre médique Xerxès
39%
H Soldat lourdement armé organisé en phalange Hoplite
35%
Aucun quiz correspondant
Distribution des résultats
% des personnes avec chaque résultat
Percentile par nombre de réponses
Votre historique - résultats
Vous n’avez pas pris ce quiz